| Tag |
First Indicator |
Second Indicator |
Subfields |
| LEADER |
00000cam a2200000 i 4500 |
| 001 |
in00004434413 |
| 005 |
20210422122733.0 |
| 008 |
200506s2020 nyu d 000 f eng |
| 010 |
|
|
|a 2020020509
|
| 019 |
|
|
|a 1196086443
|a 1199299951
|
| 020 |
|
|
|a 9781984829665
|q hardcover
|
| 020 |
|
|
|a 1984829661
|q hardcover
|
| 020 |
|
|
|a 9781984829672
|q library binding
|
| 020 |
|
|
|a 198482967X
|q library binding
|
| 020 |
|
|
|a 9781984829696
|q trade paperback
|
| 020 |
|
|
|a 1984829696
|q trade paperback
|
| 024 |
8 |
|
|a 40030321081
|
| 035 |
|
|
|a (OCoLC)on1140679515
|
| 035 |
|
|
|a (OCoLC)1140679515
|
| 040 |
|
|
|a DLC
|b eng
|e rda
|c DLC
|d ORX
|d WKM
|d IH9
|d FMG
|d TCH
|d OCLCF
|d NZ1
|d TXG
|d EHH
|d OCLCO
|d ORU
|d DEERP
|d PJW
|d IUK
|d BKL
|d YDX
|d OCL
|d Z#6
|d UtOrBLW
|
| 042 |
|
|
|a pcc
|a lcac
|
| 049 |
|
|
|a TXAM
|
| 050 |
0 |
0 |
|a PZ7.1.S7546
|b Dc 2020
|
| 082 |
0 |
4 |
|a 813/.6
|2 23
|
| 082 |
0 |
0 |
|a [Fic]
|2 23
|
| 100 |
1 |
|
|a Stone, Nic,
|e author.
|0 http://id.loc.gov/authorities/names/n2017035411
|
| 245 |
1 |
0 |
|a Dear Justyce /
|c Nic Stone.
|
| 246 |
3 |
|
|a Dear Justice
|
| 250 |
|
|
|a First edition.
|
| 264 |
|
1 |
|a New York :
|b Crown Books for Young Readers,
|c [2020]
|
| 300 |
|
|
|a 266 pages ;
|c 22 cm
|
| 336 |
|
|
|a text
|b txt
|2 rdacontent
|
| 337 |
|
|
|a unmediated
|b n
|2 rdamedia
|
| 338 |
|
|
|a volume
|b nc
|2 rdacarrier
|
| 500 |
|
|
|a Includes an excerpt of Dear Martin by the author.
|
| 500 |
|
|
|a Companion novel to: Dear Martin.
|
| 521 |
|
|
|a Ages 14+.
|b Crown Books for Young Readers.
|
| 521 |
|
|
|a Grades 10-12.
|b Crown Books for Young Readers.
|
| 520 |
|
|
|a Incarcerated teen Quan Banks writes letters to Justyce McCallister, with whom he bonded years before over family issues, about his experiences in the American juvenile justice system.
|
| 526 |
0 |
|
|a Lexile
|c HL780L.
|
| 650 |
|
0 |
|a Juvenile detention homes
|v Juvenile fiction.
|
| 650 |
|
0 |
|a Dysfunctional families
|v Juvenile fiction.
|
| 650 |
|
0 |
|a Best friends
|v Juvenile fiction.
|0 http://id.loc.gov/authorities/subjects/sh2009116960
|
| 650 |
|
0 |
|a African Americans
|v Juvenile fiction.
|0 http://id.loc.gov/authorities/subjects/sh2007100201
|
| 650 |
|
0 |
|a Letters
|v Juvenile fiction.
|
| 650 |
|
0 |
|a Young adult fiction.
|0 http://id.loc.gov/authorities/subjects/sh85149267
|
| 650 |
|
1 |
|a Juvenile detention homes
|v Fiction.
|
| 650 |
|
1 |
|a Best friends
|v Fiction.
|
| 650 |
|
1 |
|a Friendship
|v Fiction.
|
| 650 |
|
1 |
|a African Americans
|v Fiction.
|
| 650 |
|
1 |
|a Letters
|v Fiction.
|
| 650 |
|
7 |
|a YOUNG ADULT FICTION / Diversity & Multicultural.
|2 bisacsh
|
| 650 |
|
7 |
|a YOUNG ADULT FICTION / People & Places / United States / African American.
|2 bisacsh
|
| 650 |
|
7 |
|a YOUNG ADULT FICTION / Social Themes / Prejudice & Racism.
|2 bisacsh
|
| 650 |
|
7 |
|a African Americans.
|2 fast
|0 (OCoLC)fst00799558
|
| 650 |
|
7 |
|a Best friends.
|2 fast
|0 (OCoLC)fst00830870
|
| 650 |
|
7 |
|a Dysfunctional families.
|2 fast
|0 (OCoLC)fst01728523
|
| 650 |
|
7 |
|a Juvenile detention homes.
|2 fast
|0 (OCoLC)fst00985445
|
| 650 |
|
7 |
|a Letters.
|2 fast
|0 (OCoLC)fst00996779
|
| 650 |
|
7 |
|a Young adult fiction.
|2 fast
|0 (OCoLC)fst01183080
|
| 650 |
|
7 |
|a Children
|x Institutional care
|v Juvenile fiction.
|2 sears
|
| 650 |
|
7 |
|a Friendship
|v Juvenile fiction.
|2 sears
|
| 650 |
|
7 |
|a African American teenagers
|v Juvenile fiction.
|2 sears
|
| 650 |
|
7 |
|a Letters
|v Juvenile fiction.
|2 sears
|
| 650 |
|
7 |
|a Children
|x Institutional care
|v Fiction.
|2 sears
|
| 650 |
|
7 |
|a Family life
|v Fiction.
|2 sears
|
| 650 |
|
7 |
|a Friendship
|v Fiction.
|2 sears
|
| 650 |
|
7 |
|a African Americans
|v Fiction.
|2 sears
|
| 650 |
|
7 |
|a Letters
|v Fiction.
|2 sears
|
| 655 |
|
0 |
|a Young adult fiction.
|
| 655 |
|
7 |
|a Young adult works.
|2 fast
|0 (OCoLC)fst01726790
|
| 655 |
|
7 |
|a Fiction.
|2 fast
|0 (OCoLC)fst01423787
|
| 655 |
|
7 |
|a Juvenile works.
|2 fast
|0 (OCoLC)fst01411637
|
| 655 |
|
7 |
|a Young adult fiction.
|2 gsafd
|
| 655 |
|
7 |
|a Fiction.
|2 lcgft
|0 http://id.loc.gov/authorities/genreForms/gf2014026339
|
| 945 |
|
|
|b 766703
|
| 947 |
|
|
|a A14851599978
|
| 994 |
|
|
|a 92
|b TXA
|
| 948 |
|
|
|a cataloged
|b h
|c 2021/03/11
|d c
|e jlanham
|f 9:07:08 am
|
| 999 |
f |
f |
|s 43711a0a-af83-385f-81ca-ce0e64f179a4
|i d873dea0-3115-3b19-b3c3-41fd4b8651c5
|t 0
|
| 952 |
f |
f |
|p normal
|a Texas A&M University
|b College Station
|c Sterling C. Evans Library
|d Evans: Curriculum Collection (4th floor)
|t 0
|e PZ7.1.S7546 Dc 2020
|h Library of Congress classification
|i unmediated -- volume
|m A14851599978
|
| 998 |
f |
f |
|a PZ7.1.S7546 Dc 2020
|t 0
|l Evans: Curriculum Collection (4th floor)
|